Dates et Villes des Jeux Olympiques d'été - Click Quiz - Statistiques

Statistiques générales
  • Ce quiz a été pris 3 124 fois
    277 depuis la dernière actualisation
  • Le résultat moyen est 14 sur 23
Statistiques - réponses
Hint Réponse % Correct
Paris 1900 / 1924 / 2024
88%
Rio de Janeiro 2016
84%
Londres 1908 / 1948 / 2012
81%
Tokyo 1964 / 2021
81%
Pékin 2008
76%
Barcelone 1992
75%
Athènes 1896 / 2004
73%
Berlin 1936
72%
Sydney 2000
69%
Atlanta 1996
68%
Munich 1972
58%
Séoul 1988
58%
Los Angeles 1932 / 1984
57%
Moscou 1980
53%
Mexico 1968
51%
Rome 1960
48%
Montréal 1976
47%
Saint-Louis 1904
44%
Anvers 1920
40%
Helsinki 1952
39%
Melbourne 1956
36%
Stockholm 1912
35%
Amsterdam 1928
34%
Aucun quiz correspondant
Distribution des résultats
% des personnes avec chaque résultat
Percentile par nombre de réponses
Votre historique - résultats
Vous n’avez pas pris ce quiz depuis la dernière actualisation